000 00770nam a2200205 a 4500
005 20240224063817.0
008 051007s2003 mx r 000 0 spa d
020 _a9703212840
035 _aUPN01000140573
049 _aCG
050 4 _aF1435
_bC6.6 1998
111 2 _aCongreso Internacional de Mayistas
_n(4o :
_d1998 :
_cAntigua, Guatemala)
245 1 0 _aCuarto Congreso Internacional de Mayistas :
_bmemoria : 2 al 5 de agosto de 1998 /
_ced. Mario Humberto Ruz.
260 _aMéxico :
_bUNAM, Instituto de Investigaciones Filológicas, Centro de Estudios Mayas,
_c2003.
300 _a674 p. :
_bil.
650 2 _aMayas
_vCongresos
_92317
650 4 _aMayas
_xVida social y costumbres
_912451
700 1 _aRuz, Mario Humberto,
_d1952-
_eed.
_938130
905 _aLibro
999 _c112721
_d112721